[Event "CAN/QC op"]
[Site "Montreal CAN"]
[Date "2002.07.13"]
[Round "1"]
[White "Benen, Samson"]
[Black "Fernandez, Lautaro"]
[Result "0-1"]
[WhiteElo "2256"]
[BlackElo "2006"]
[PlyCount "56"]
[EventDate "2002.07.13"]
[EventType "swiss"]
[EventRounds "9"]
[EventCountry "CAN"]

1. d4 Nf6 2. Nf3 e6 3. c4 b6 4. g3 Ba6 5. b3 Bb4+ 6. Bd2 Be7 7. Bg2 c6 8. O-O
d5 9. Bf4 Nbd7 10. Qc2 Rc8 11. Rd1 O-O 12. Nc3 c5 13. dxc5 Bxc5 14. Ne5 Nxe5
15. Bxe5 Bxf2+ 16. Kh1 Ng4 17. Bd4 Be3 18. Bf3 Nf2+ 19. Kg2 Nxd1 20. Rxd1 Bxd4
21. Rxd4 Qf6 22. Rh4 Qg6 23. Qd2 dxc4 24. Rg4 Qf6 25. b4 Qe7 26. e4 Bb7 27. Kh3
f5 28. Rh4 g5 0-1

[Event "CAN/QC op"]
[Site "Montreal CAN"]
[Date "2002.07.13"]
[Round "1"]
[White "Bergeron, Pascal"]
[Black "Bolduc, Steve"]
[Result "1-0"]
[WhiteElo "2129"]
[BlackElo "2268"]
[PlyCount "61"]
[EventDate "2002.07.13"]
[EventType "swiss"]
[EventRounds "9"]
[EventCountry "CAN"]

1. d4 Nf6 2. c4 e6 3. Nc3 d5 4. cxd5 exd5 5. Bg5 Be7 6. e3 c6 7. Qc2 Nbd7 8.
Bd3 Nh5 9. Bxe7 Qxe7 10. Nge2 g6 11. O-O-O Nb6 12. h3 Be6 13. g4 Ng7 14. Ng3
O-O-O 15. Kb1 h5 16. f3 Kb8 17. Rde1 Qd6 18. Nce2 h4 19. Nf1 Rc8 20. Rc1 Nd7
21. Qc3 c5 22. dxc5 Nxc5 23. Bc2 d4 24. Qxd4 Qa6 25. Nc3 Rhd8 26. Qxg7 Nd3 27.
Bxd3 Qxd3+ 28. Ka1 Rd5 29. Rh2 Ra5 30. Qd4 Rxc3 31. bxc3 1-0

[Event "CAN/QC op"]
[Site "Montreal CAN"]
[Date "2002.07.13"]
[Round "1"]
[White "Charbonneau, Anne-Marie"]
[Black "Barsov, Alexei"]
[Result "0-1"]
[WhiteElo "1946"]
[BlackElo "2501"]
[PlyCount "64"]
[EventDate "2002.07.13"]
[EventType "swiss"]
[EventRounds "9"]
[EventCountry "CAN"]

1. d4 e6 2. c4 Nf6 3. Nc3 Bb4 4. Qc2 c5 5. dxc5 O-O 6. a3 Bxc5 7. Nf3 b6 8. g3
Bb7 9. Bg2 Nc6 10. O-O Rc8 11. b4 Be7 12. Qb3 a5 13. Na2 axb4 14. axb4 d5 15.
cxd5 Qxd5 16. Rb1 Nd4 17. Qb2 e5 18. Ne1 Qd7 19. Bxb7 Qxb7 20. Be3 Rc2 21. Bxd4
Rxb2 22. Bxb2 Ne4 23. Nf3 f6 24. Ba1 Ra8 25. Nc1 g5 26. Rd1 g4 27. Nh4 Ng5 28.
Ng2 Qe4 29. Nd3 Qxe2 30. Rbc1 Rd8 31. Nb2 Nh3+ 32. Kh1 Nxf2+ 0-1

[Event "CAN/QC op"]
[Site "Montreal CAN"]
[Date "2002.07.13"]
[Round "1"]
[White "Cooke, Matthew"]
[Black "Legky, Nikolay"]
[Result "0-1"]
[WhiteElo "1986"]
[BlackElo "2465"]
[PlyCount "70"]
[EventDate "2002.07.13"]
[EventType "swiss"]
[EventRounds "9"]
[EventCountry "CAN"]

1. d4 Nf6 2. c4 c5 3. d5 e6 4. Nc3 exd5 5. cxd5 Bd6 6. g3 O-O 7. Bg2 Re8 8. Bg5
h6 9. Bxf6 Qxf6 10. e4 Bf8 11. Qa4 a6 12. Nge2 b5 13. Qc2 d6 14. O-O Nd7 15. f4
Bb7 16. Rae1 c4 17. Nd1 Nc5 18. Nf2 Rac8 19. Qd2 Nd3 20. Nxd3 cxd3 21. Nc3 b4
22. e5 bxc3 23. bxc3 dxe5 24. fxe5 Bc5+ 25. Kh1 Qg5 26. Qf4 Qxf4 27. gxf4 Red8
28. c4 a5 29. d6 d2 30. Re2 Bxg2+ 31. Kxg2 Bxd6 32. exd6 Rxd6 33. Rd1 Rxc4 34.
Rdxd2 Rxd2 35. Rxd2 Rxf4 0-1

[Event "CAN/QC op"]
[Site "Montreal CAN"]
[Date "2002.07.13"]
[Round "1"]
[White "Feoktistov, Dmitri"]
[Black "Ochkoos, Jura"]
[Result "1-0"]
[WhiteElo "2087"]
[BlackElo "2251"]
[PlyCount "75"]
[EventDate "2002.07.13"]
[EventType "swiss"]
[EventRounds "9"]
[EventCountry "CAN"]

1. d4 d5 2. c4 e6 3. Nc3 c6 4. cxd5 exd5 5. Qc2 g6 6. e3 Bf5 7. Bd3 Bxd3 8.
Qxd3 Nf6 9. Nge2 Bg7 10. O-O O-O 11. b4 a6 12. a4 Nbd7 13. Ba3 Re8 14. b5 axb5
15. axb5 Nb6 16. bxc6 bxc6 17. Rfb1 Nc4 18. Bc5 Rxa1 19. Rxa1 Bf8 20. Bxf8 Kxf8
21. Qb1 Qd6 22. Ra7 Ng4 23. g3 Qf6 24. Nd1 Qf3 25. Ra2 Rxe3 26. Qb4+ Kg7 27.
Qe1 Re8 28. h3 Nf6 29. Qc3 Qf5 30. Kh2 h5 31. Nf4 h4 32. Qd3 hxg3+ 33. fxg3 Qd7
34. Re2 Rxe2+ 35. Qxe2 Qa7 36. Qf2 Qa1 37. Ne3 Qxd4 38. Nf5+ 1-0

[Event "CAN/QC op"]
[Site "Montreal CAN"]
[Date "2002.07.13"]
[Round "1"]
[White "Gagnon, Michel"]
[Black "Khaziyeva, Dinara"]
[Result "1-0"]
[WhiteElo "2212"]
[BlackElo "2076"]
[PlyCount "65"]
[EventDate "2002.07.13"]
[EventType "swiss"]
[EventRounds "9"]
[EventCountry "CAN"]

1. d4 Nf6 2. Nf3 g6 3. Bg5 Bg7 4. Nbd2 O-O 5. e4 d6 6. c3 Nbd7 7. b4 e5 8. dxe5
dxe5 9. Be2 Re8 10. O-O h6 11. Bh4 Qe7 12. Qc2 c6 13. Rfd1 g5 14. Bg3 Nh5 15.
Nc4 Nf4 16. Bf1 Nf8 17. Ne3 h5 18. h3 N8g6 19. Nd2 Be6 20. Ndc4 Rad8 21. f3 Bf8
22. Bf2 b6 23. Kh2 Nh4 24. Kh1 Qf6 25. Rxd8 Rxd8 26. Rd1 Bxc4 27. Nxc4 b5 28.
Rxd8 Qxd8 29. Nxe5 Qd6 30. Nd3 Nfxg2 31. Bxg2 Nxg2 32. Kxg2 g4 33. fxg4 1-0

[Event "CAN/QC op"]
[Site "Montreal CAN"]
[Date "2002.07.13"]
[Round "1"]
[White "Gilman, Arkadiy"]
[Black "Patterson, Roger"]
[Result "1/2-1/2"]
[WhiteElo "1977"]
[BlackElo "2246"]
[PlyCount "44"]
[EventDate "2002.07.13"]
[EventType "swiss"]
[EventRounds "9"]
[EventCountry "CAN"]

1. d4 Nf6 2. c4 e6 3. Nc3 Bb4 4. e3 O-O 5. Bd3 d5 6. Nge2 b6 7. a3 Be7 8. e4
dxe4 9. Nxe4 Bb7 10. Qc2 Nbd7 11. O-O c5 12. Nxf6+ Nxf6 13. dxc5 bxc5 14. Bf4
Qd7 15. Rad1 Qc6 16. f3 Rad8 17. Nc3 h6 18. Qe2 Rd7 19. Bc2 Rxd1 20. Rxd1 Rd8
21. Rxd8+ Bxd8 22. Qd2 Be7 1/2-1/2

[Event "CAN/QC op"]
[Site "Montreal CAN"]
[Date "2002.07.13"]
[Round "1"]
[White "Kret, Ted"]
[Black "Beaulieu, Eric"]
[Result "0-1"]
[WhiteElo "2159"]
[BlackElo "2221"]
[PlyCount "68"]
[EventDate "2002.07.13"]
[EventType "swiss"]
[EventRounds "9"]
[EventCountry "CAN"]

1. d4 Nf6 2. c4 e6 3. Nc3 Bb4 4. e3 O-O 5. Bd3 Bxc3+ 6. bxc3 d6 7. Nf3 Nbd7 8.
Ba3 c5 9. O-O e5 10. Nd2 Qe7 11. Qc2 Re8 12. f3 g6 13. Kh1 Nh5 14. g4 Ng7 15.
Rg1 Nf8 16. Raf1 Kh8 17. f4 exf4 18. exf4 f5 19. g5 b6 20. Bc1 Bb7+ 21. d5 Nh5
22. a4 Ne6 23. Nb1 a6 24. Rg2 Nc7 25. Be2 b5 26. Bxh5 gxh5 27. Qxf5 bxc4 28.
Rd1 Nxd5 29. Kg1 Ne3 30. Bxe3 Bxg2 31. Kxg2 Qxe3 32. Qf6+ Kg8 33. Rd2 Qe4+ 34.
Kh3 Qf3+ 0-1

[Event "CAN/QC op"]
[Site "Montreal CAN"]
[Date "2002.07.13"]
[Round "1"]
[White "Laptos, Kris"]
[Black "Poulin, Maurice"]
[Result "1-0"]
[WhiteElo "2220"]
[BlackElo "2113"]
[PlyCount "49"]
[EventDate "2002.07.13"]
[EventType "swiss"]
[EventRounds "9"]
[EventCountry "CAN"]

1. Nf3 g6 2. c4 Bg7 3. Nc3 c5 4. g3 Nc6 5. Bg2 d6 6. O-O Bf5 7. d3 Qd7 8. Nd5
Nf6 9. Bd2 Ng4 10. Bc3 f6 11. e4 Be6 12. d4 cxd4 13. Nxd4 Nxd4 14. Qxd4 Ne5 15.
f4 Nc6 16. Qe3 O-O 17. b4 b6 18. Rac1 Rac8 19. Rfe1 Rfe8 20. Bd2 h5 21. Bf1 Bf7
22. b5 Nd8 23. e5 fxe5 24. fxe5 Kh8 25. e6 1-0

[Event "CAN/QC op"]
[Site "Montreal CAN"]
[Date "2002.07.13"]
[Round "1"]
[White "Lentini, Joseph"]
[Black "Chokshi, Manthan"]
[Result "0-1"]
[WhiteElo "2090"]
[BlackElo "2231"]
[PlyCount "76"]
[EventDate "2002.07.13"]
[EventType "swiss"]
[EventRounds "9"]
[EventCountry "CAN"]

1. c4 Nf6 2. Nc3 g6 3. g3 Bg7 4. Bg2 d6 5. e4 e5 6. Nge2 O-O 7. O-O Nc6 8. d3
Nh5 9. Nd5 Ne7 10. Rb1 c6 11. Nxe7+ Qxe7 12. b4 f5 13. f3 fxe4 14. dxe4 Be6 15.
Qc2 Qf7 16. Rd1 Bxc4 17. Rxd6 Bxa2 18. Rb2 Bc4 19. Be3 a5 20. bxa5 Rxa5 21. Nc3
Rfa8 22. Qd2 Ra1+ 23. Kf2 Nf6 24. Rd8+ Bf8 25. h3 Rxd8 26. Qxd8 Ra3 27. Bh6
Rxc3 28. Rxb7 Qe8 29. Qxf6 Bxh6 30. g4 Rc2+ 31. Kg1 Qa8 32. Rb1 Be3+ 33. Kh1
Rc1+ 34. Rxc1 Bxc1 35. Qxe5 Qd8 36. f4 Be3 37. Bf3 Bd4 38. Qg5 Qxg5 0-1

[Event "CAN/QC op"]
[Site "Montreal CAN"]
[Date "2002.07.13"]
[Round "1"]
[White "Linskiy, Oleg"]
[Black "Robichaud, Louis"]
[Result "0-1"]
[WhiteElo "2473"]
[BlackElo "2052"]
[PlyCount "82"]
[EventDate "2002.07.13"]
[EventType "swiss"]
[EventRounds "9"]
[EventCountry "CAN"]

1. d4 Nf6 2. c4 g6 3. Nc3 Bg7 4. Nf3 d6 5. Bg5 O-O 6. e3 c6 7. Be2 a6 8. O-O b5
9. a3 bxc4 10. Bxc4 Nbd7 11. Qe2 Nb6 12. Bd3 Nfd7 13. e4 f6 14. Be3 Bb7 15.
Rfd1 a5 16. d5 c5 17. Bb5 Qb8 18. a4 Qc7 19. Rac1 Nb8 20. Nb1 Na6 21. Nd4 Bc8
22. Nc6 Nb4 23. Bf4 f5 24. Rxc5 g5 25. exf5 gxf4 26. Nxe7+ Qxe7 27. Qxe7 dxc5
28. Qc7 N4xd5 29. Qxc5 Bb7 30. Bd3 Bxb2 31. Be4 Rac8 32. Qd6 Rfd8 33. Qe6+ Kh8
34. Nd2 Rc6 35. Qf7 Rc7 36. Qe6 Re7 37. Qh6 Bg7 38. Qh4 Nf6 39. Bxb7 Rxd2 40.
Rb1 Rxb7 41. Qxf4 Nbd5 0-1

[Event "CAN/QC op"]
[Site "Montreal CAN"]
[Date "2002.07.13"]
[Round "1"]
[White "Lipnowski, Irwin"]
[Black "Dumesnil, Etienne"]
[Result "1-0"]
[WhiteElo "2416"]
[BlackElo "2012"]
[PlyCount "79"]
[EventDate "2002.07.13"]
[EventType "swiss"]
[EventRounds "9"]
[EventCountry "CAN"]

1. d4 Nf6 2. c4 g6 3. Nf3 Bg7 4. Nc3 d6 5. e4 Nbd7 6. Be2 O-O 7. O-O Re8 8. e5
dxe5 9. dxe5 Ng4 10. e6 Ndf6 11. exf7+ Kxf7 12. Qb3 e6 13. h3 Nh6 14. Bf4 a6
15. Rad1 Qe7 16. Rfe1 Nf5 17. g4 Nd6 18. Ne5+ Kg8 19. Bf3 Qf8 20. Bg3 Nd7 21.
Nxd7 Qxf3 22. Ne5 Bxe5 23. Rxe5 b5 24. Ne4 Qxb3 25. axb3 Nxe4 26. Rxe4 Bb7 27.
Ree1 Rad8 28. Bxc7 Rc8 29. Be5 bxc4 30. bxc4 Rxc4 31. Rd7 Bd5 32. Rg7+ Kf8 33.
Rxh7 Re4 34. Rxe4 Bxe4 35. Kh2 Ra8 36. Kg3 a5 37. Kf4 Bc6 38. Kg5 Be8 39. Kf6
Bf7 40. Rxf7+ 1-0

[Event "CAN/QC op"]
[Site "Montreal CAN"]
[Date "2002.07.13"]
[Round "1"]
[White "Mahabir, Hugh"]
[Black "Hua, Lefong"]
[Result "0-1"]
[WhiteElo "2006"]
[BlackElo "2307"]
[PlyCount "80"]
[EventDate "2002.07.13"]
[EventType "swiss"]
[EventRounds "9"]
[EventCountry "CAN"]

1. d4 Nf6 2. e3 c5 3. c3 b6 4. Bd3 Bb7 5. Nf3 g6 6. Nbd2 Bg7 7. O-O O-O 8. Qe2
d6 9. b3 Nd5 10. Bb2 cxd4 11. cxd4 Nb4 12. Rfc1 Nxd3 13. Qxd3 Qd7 14. Rc2 Ba6
15. Qe4 d5 16. Qf4 Nc6 17. a3 Rac8 18. Rac1 Rfe8 19. h4 h5 20. Ne5 Nxe5 21.
dxe5 Rxc2 22. Rxc2 Rc8 23. Rxc8+ Qxc8 24. Nf3 Bd3 25. Nd4 e6 26. Qg5 Qc7 27. f4
Bf5 28. Qg3 Be4 29. Qe1 Qc5 30. Qd2 Bf8 31. Kf2 a5 32. g3 a4 33. b4 Qc4 34. Bc3
Bd3 35. Bb2 Bb1 36. Qc3 Qa2 37. Qc1 Bxb4 38. Kg1 Bc5 39. Qc3 Be4 40. Qc1 Bxa3
0-1

[Event "CAN/QC op"]
[Site "Montreal CAN"]
[Date "2002.07.13"]
[Round "1"]
[White "Masse, Hugues"]
[Black "Moisan-Plante, Marc-Olivier"]
[Result "0-1"]
[WhiteElo "2105"]
[BlackElo "2118"]
[PlyCount "48"]
[EventDate "2002.07.13"]
[EventType "swiss"]
[EventRounds "9"]
[EventCountry "CAN"]

1. e4 e5 2. Nc3 Nf6 3. Bc4 Nxe4 4. Qh5 Nd6 5. Bb3 Be7 6. Nf3 Nc6 7. Nxe5 O-O 8.
O-O Nd4 9. Nd5 Nxb3 10. axb3 Ne4 11. Qe2 Nf6 12. Nc6 dxc6 13. Nxe7+ Kh8 14.
Nxc8 Qxc8 15. d3 Qf5 16. Bd2 Rfe8 17. Qd1 a6 18. Ra5 c5 19. Bc3 b6 20. Ra1 a5
21. Re1 Re6 22. Rxe6 Qxe6 23. Qf3 Re8 24. Bxf6 Qe1+ 0-1

[Event "CAN/QC op"]
[Site "Montreal CAN"]
[Date "2002.07.13"]
[Round "1"]
[White "Mayo, Alvah"]
[Black "Leriche, Felix"]
[Result "1-0"]
[WhiteElo "2119"]
[BlackElo "2204"]
[PlyCount "57"]
[EventDate "2002.07.13"]
[EventType "swiss"]
[EventRounds "9"]
[EventCountry "CAN"]

1. e4 e6 2. Qe2 c5 3. f4 Nc6 4. Nf3 a6 5. g3 b5 6. Bg2 Bb7 7. d3 Nf6 8. O-O Be7
9. c3 d5 10. e5 Nd7 11. Be3 g6 12. Nbd2 a5 13. Bf2 Nb6 14. g4 h5 15. h3 hxg4
16. hxg4 Kd7 17. Rfc1 Qg8 18. g5 Ba6 19. Nh2 Rh5 20. Ng4 Qh7 21. Qf3 Bb7 22.
Nf6+ Bxf6 23. exf6 Rb8 24. Bxc5 Na4 25. b4 Ne5 26. fxe5 Rxg5 27. Be3 Qh5 28.
Kf2 Rf5 29. Rh1 1-0

[Event "CAN/QC op"]
[Site "Montreal CAN"]
[Date "2002.07.13"]
[Round "1"]
[White "McDonough, Jonathan"]
[Black "Lawson, Eric"]
[Result "0-1"]
[WhiteElo "2003"]
[BlackElo "2282"]
[PlyCount "104"]
[EventDate "2002.07.13"]
[EventType "swiss"]
[EventRounds "9"]
[EventCountry "CAN"]

1. d4 Nf6 2. c4 e6 3. Nf3 b6 4. a3 Bb7 5. Nc3 d5 6. cxd5 Nxd5 7. e3 Be7 8. Bb5+
c6 9. Bd3 Nxc3 10. bxc3 Nd7 11. O-O c5 12. a4 O-O 13. Qc2 g6 14. a5 bxa5 15.
Ba3 Qc7 16. Rfb1 Rfc8 17. Qa4 Bc6 18. Bb5 Bxb5 19. Rxb5 Bd8 20. Rab1 Rab8 21.
h4 Rxb5 22. Rxb5 Qc6 23. Qb3 cxd4 24. cxd4 Bb6 25. d5 exd5 26. Rxd5 Nf8 27. Be7
Ne6 28. Ne5 a4 29. Qd3 Qc1+ 30. Kh2 Bc7 31. f4 Bb6 32. f5 Ng7 33. fxg6 hxg6 34.
Bg5 Bc7 35. Bf4 Ne6 36. Nxg6 fxg6 37. Qxg6+ Ng7 38. Rd7 Bxf4+ 39. exf4 Qxf4+
40. Kh3 Rc3+ 41. g3 Qf1+ 42. Kh2 Qf2+ 43. Kh3 Qf5+ 44. Qxf5 Nxf5 45. Kg4 Nxg3
46. Rxa7 a3 47. h5 Ne2 48. h6 Nc1 49. h7+ Kh8 50. Kg5 a2 51. Kg6 Rc6+ 52. Kg5
Rc7 0-1

[Event "CAN/QC op"]
[Site "Montreal CAN"]
[Date "2002.07.13"]
[Round "1"]
[White "Mikanovic, Goran"]
[Black "Tessier, Olivier"]
[Result "1-0"]
[WhiteElo "2314"]
[BlackElo "2021"]
[PlyCount "97"]
[EventDate "2002.07.13"]
[EventType "swiss"]
[EventRounds "9"]
[EventCountry "CAN"]

1. d4 Nf6 2. c4 c5 3. d5 b5 4. cxb5 a6 5. bxa6 g6 6. Nc3 Bxa6 7. Nf3 d6 8. g3
Bg7 9. Bg2 Nbd7 10. Rb1 O-O 11. O-O Ng4 12. Bd2 Nge5 13. Nxe5 Nxe5 14. b3 Ra7
15. Qc2 Qa8 16. Rfd1 Rb8 17. Be1 Ng4 18. h3 Nf6 19. Bd2 Ne8 20. Bc1 Nc7 21. Bb2
Nb5 22. Nxb5 Rxb5 23. Bxg7 Kxg7 24. e4 Bc8 25. Rb2 Rb4 26. e5 f6 27. exd6 exd6
28. Rd2 Rc7 29. Qc3 Bb7 30. Rbc2 Re7 31. Re2 Qe8 32. Qe1 Kf7 33. Rxe7+ Qxe7 34.
Re2 Qd8 35. Re4 Rb6 36. Rh4 Kg7 37. Qd2 h5 38. Re4 Bc8 39. Qe3 Rb7 40. Re8 Qd7
41. Qe6 Qxe6 42. dxe6 Rc7 43. Bd5 f5 44. Rd8 Kf6 45. Rxd6 Ke5 46. Rd8 Bxe6 47.
f4+ Kd4 48. Bxe6+ Kc3 49. Bc4 1-0

[Event "CAN/QC op"]
[Site "Montreal CAN"]
[Date "2002.07.13"]
[Round "1"]
[White "Nogueiras, Jesus"]
[Black "Pestic, Goran"]
[Result "1-0"]
[WhiteElo "2587"]
[BlackElo "2059"]
[PlyCount "79"]
[EventDate "2002.07.13"]
[EventType "swiss"]
[EventRounds "9"]
[EventCountry "CAN"]

1. Nf3 Nf6 2. c4 g6 3. g3 Bg7 4. Bg2 O-O 5. O-O d6 6. Nc3 e5 7. d3 Nbd7 8. Rb1
c6 9. b4 Qc7 10. b5 c5 11. Ne1 Nb6 12. Nc2 Be6 13. Bg5 h6 14. Bxf6 Bxf6 15. Ne3
Bg7 16. Qb3 Qd7 17. a4 Bh3 18. a5 Nc8 19. b6 Bxg2 20. Kxg2 a6 21. Ned5 Ne7 22.
Nxe7+ Qxe7 23. Nd5 Qd7 24. e4 f6 25. f4 Rf7 26. Rf2 Raf8 27. Rbf1 Bh8 28. Qd1
Bg7 29. f5 g5 30. h4 Bh8 31. Rh1 Rg7 32. hxg5 Rxg5 33. Rxh6 Qg7 34. Rg6 Rxg6
35. fxg6 f5 36. exf5 Rf6 37. Qh5 Kf8 38. Rf1 Ke8 39. Nxf6+ Qxf6 40. g7+ 1-0

[Event "CAN/QC op"]
[Site "Montreal CAN"]
[Date "2002.07.13"]
[Round "1"]
[White "Pitre, Francois"]
[Black "Sarwer, Jeff"]
[Result "0-1"]
[WhiteElo "2034"]
[BlackElo "2336"]
[PlyCount "82"]
[EventDate "2002.07.13"]
[EventType "swiss"]
[EventRounds "9"]
[EventCountry "CAN"]

1. e4 Nc6 2. d4 d6 3. Be2 Nf6 4. Nc3 g6 5. Be3 Bg7 6. g4 h5 7. g5 Ng4 8. Bxg4
Bxg4 9. f3 Bd7 10. Nge2 O-O 11. Qd2 Rb8 12. O-O-O b5 13. Nd5 b4 14. Qd3 Na5 15.
c4 b3 16. Nec3 bxa2 17. Nxa2 Ba4 18. Bd2 Nb3+ 19. Kb1 Nxd4 20. Rc1 Ne2 21. Nf6+
Bxf6 22. gxf6 Nxc1 23. Rxc1 exf6 24. Rg1 Qe7 25. Nb4 c6 26. Qa3 a5 27. Qxa4
axb4 28. Bxb4 Qe5 29. Qa3 Qxh2 30. Rd1 c5 31. Bc3 Qe2 32. Qa4 Qxf3 33. Qc2 Rfe8
34. Rxd6 Qxe4 35. Qxe4 Rxe4 36. Bxf6 Rxc4 37. Rc6 h4 38. Be5 Re8 39. Bf6 h3 40.
Rd6 h2 41. Rd1 Rg4 0-1

[Event "CAN/QC op"]
[Site "Montreal CAN"]
[Date "2002.07.13"]
[Round "1"]
[White "Thies, Guenther"]
[Black "Brodie, Hugh"]
[Result "0-1"]
[WhiteElo "1725"]
[BlackElo "1902"]
[PlyCount "94"]
[EventDate "2002.07.13"]
[EventType "swiss"]
[EventRounds "9"]
[EventCountry "CAN"]

1. e4 c5 2. Nf3 Nc6 3. c3 d5 4. Qc2 dxe4 5. Qxe4 Nf6 6. Qc2 Bg4 7. Be2 e6 8. d3
Be7 9. Nbd2 O-O 10. O-O Qc7 11. Re1 Rfd8 12. h3 Bh5 13. Nf1 Rac8 14. Be3 Nd5
15. Bg5 Bg6 16. Bxe7 Qxe7 17. Rad1 Nf4 18. Qc1 Nxe2+ 19. Rxe2 Rxd3 20. Rxd3
Bxd3 21. Re3 Rd8 22. Ne5 Nxe5 23. Rxe5 f6 24. Re3 Qd6 25. Ng3 Bg6 26. Qe1 Kf7
27. Ne4 Bxe4 28. Rxe4 e5 29. Kh2 Qd2 30. Qe2 Qxe2 31. Rxe2 Rd3 32. f3 Ke6 33.
Kg1 Kd5 34. Kf2 f5 35. Rc2 c4 36. Ke2 f4 37. b3 b5 38. b4 g5 39. Rd2 e4 40.
fxe4+ Kxe4 41. Rxd3 cxd3+ 42. Kd2 h5 43. c4 bxc4 44. a4 Kd4 45. b5 c3+ 46. Kd1
Kc4 47. Kc1 Kb4 0-1

[Event "CAN/QC op"]
[Site "Montreal CAN"]
[Date "2002.07.13"]
[Round "1"]
[White "Vallieres, Mario"]
[Black "Cuartas, Carlos"]
[Result "1-0"]
[WhiteElo "2024"]
[BlackElo "2343"]
[PlyCount "92"]
[EventDate "2002.07.13"]
[EventType "swiss"]
[EventRounds "9"]
[EventCountry "CAN"]

1. d4 Nf6 2. Nc3 d5 3. Bg5 Nbd7 4. f3 h6 5. Bh4 e6 6. e4 Be7 7. e5 Nh7 8. Bf2
c5 9. f4 Qb6 10. Rb1 O-O 11. Nf3 f5 12. g3 Nb8 13. Bg2 Nc6 14. O-O Nxd4 15.
Nxd4 cxd4 16. Bxd4 Bc5 17. Ne2 Bd7 18. Bxc5 Qxc5+ 19. Nd4 Rf7 20. Rf2 Nf8 21.
c3 Ng6 22. Rc1 Rc8 23. Rfc2 b5 24. Kh1 Ne7 25. Bf1 Qb6 26. Qd3 Rb8 27. a3 Rff8
28. h3 a6 29. Be2 Bc8 30. Rg1 Bd7 31. Bd1 Be8 32. Rcg2 Rb7 33. Bc2 g6 34. Qd2
Kh7 35. g4 a5 36. h4 fxg4 37. Rxg4 Nf5 38. h5 Rg7 39. hxg6+ Bxg6 40. Bxf5 exf5
41. R4g3 Rfg8 42. Qg2 Qb7 43. Ne6 Qf7 44. Nxg7 Rxg7 45. Rh3 Qd7 46. Qf2 Re7 1-0

[Event "CAN/QC op"]
[Site "Montreal CAN"]
[Date "2002.07.13"]
[Round "1"]
[White "Voskanyan, Vahagn"]
[Black "Boudreau, Dominic"]
[Result "1-0"]
[WhiteElo "2359"]
[BlackElo "2030"]
[PlyCount "47"]
[EventDate "2002.07.13"]
[EventType "swiss"]
[EventRounds "9"]
[EventCountry "CAN"]

1. Nf3 d6 2. d4 Bg4 3. Nbd2 Nd7 4. e4 g6 5. Bc4 e6 6. h3 Bxf3 7. Nxf3 c5 8. c3
Bg7 9. dxc5 dxc5 10. Bf4 Ne7 11. Qd2 Nf6 12. Qe2 O-O 13. O-O Qb6 14. a4 a5 15.
Bb5 Rfd8 16. Nd2 Nc6 17. Nc4 Qa7 18. Bc7 Re8 19. Nb6 Rac8 20. Nxc8 Rxc8 21. Bd6
b6 22. Rad1 h5 23. Qf3 Kh7 24. e5 1-0

[Event "CAN/QC op"]
[Site "Montreal CAN"]
[Date "2002.07.13"]
[Round "1.101"]
[White "Strojevs, Alexander"]
[Black "Muraszko, John"]
[Result "1-0"]
[WhiteElo "1815"]
[BlackElo "1614"]
[PlyCount "47"]
[EventDate "2002.07.13"]
[EventType "swiss"]
[EventRounds "9"]
[EventCountry "CAN"]

1. d4 Nf6 2. c4 g6 3. Nc3 d6 4. e4 Bg7 5. Be2 O-O 6. Nf3 Nfd7 7. O-O c5 8. Be3
Nc6 9. Qd2 cxd4 10. Nxd4 Re8 11. Rad1 Nde5 12. h3 f5 13. f4 Nf7 14. exf5 gxf5
15. Bh5 Rf8 16. Rfe1 Nh6 17. Bf2 Bd7 18. Ne6 Bxe6 19. Rxe6 Qa5 20. Qd5 Qxd5 21.
Nxd5 Rad8 22. Nxe7+ Kh8 23. Nxc6 bxc6 24. Rexd6 1-0

[Event "CAN/QC op"]
[Site "Montreal CAN"]
[Date "2002.07.14"]
[Round "2"]
[White "Barsov, Alexei"]
[Black "Gagnon, Michel"]
[Result "1-0"]
[WhiteElo "2501"]
[BlackElo "2212"]
[PlyCount "113"]
[EventDate "2002.07.13"]
[EventType "swiss"]
[EventRounds "9"]
[EventCountry "CAN"]

1. d4 d5 2. c4 e6 3. Nc3 Nf6 4. cxd5 exd5 5. Bg5 Be7 6. e3 O-O 7. Bd3 Nbd7 8.
Nge2 c6 9. Qc2 Re8 10. O-O Nf8 11. Bxf6 Bxf6 12. b4 g6 13. b5 Ne6 14. bxc6 bxc6
15. Rab1 Qa5 16. Nc1 Ba6 17. Qa4 Qxa4 18. Nxa4 Bc8 19. Nb3 Be7 20. Na5 Nd8 21.
Rfc1 Bd7 22. Ba6 Ba3 23. Rc3 Bd6 24. Rbb3 Rb8 25. Nb7 Nxb7 26. Bxb7 Re6 27. g3
Bf8 28. Nc5 Bxc5 29. Rxc5 Be8 30. Kg2 Kf8 31. Ra5 Re7 32. Rxa7 Rc7 33. Ba8 Rxa7
34. Rxb8 Ra6 35. a4 Ke7 36. Bb7 Ra7 37. g4 h6 38. h4 Bd7 39. Bc8 Bxc8 40. Rxc8
Kd7 41. Rh8 Rxa4 42. Kg3 Ke7 43. Rxh6 Ra8 44. h5 Kf6 45. hxg6 Kg7 46. g5 fxg6
47. Rh1 Re8 48. Ra1 Kf7 49. Ra7+ Kg8 50. Rc7 Re6 51. Kf4 Kf8 52. f3 Ke8 53. e4
Kd8 54. Rf7 Ke8 55. Rf6 Ke7 56. Rxe6+ Kxe6 57. Ke3 1-0

[Event "CAN/QC op"]
[Site "Montreal CAN"]
[Date "2002.07.14"]
[Round "2"]
[White "Beaulieu, Eric"]
[Black "Feoktistov, Dmitri"]
[Result "1/2-1/2"]
[WhiteElo "2221"]
[BlackElo "2087"]
[PlyCount "65"]
[EventDate "2002.07.13"]
[EventType "swiss"]
[EventRounds "9"]
[EventCountry "CAN"]

1. d4 d5 2. c4 e6 3. Nc3 Nf6 4. Bf4 Be7 5. e3 O-O 6. Nf3 b6 7. cxd5 Nxd5 8. Bg3
Bb7 9. Bd3 c5 10. O-O Nc6 11. Nxd5 exd5 12. Rc1 c4 13. Bb1 f5 14. Ne5 Bd6 15.
f4 Ne7 16. Bh4 Bc8 17. Rf3 Qe8 18. Bxe7 Qxe7 19. Rh3 Bxe5 20. fxe5 g6 21. Rg3
Be6 22. Qh5 Rf7 23. Rf1 Qf8 24. Rxg6+ hxg6 25. Qxg6+ Qg7 26. Qxe6 Rd8 27. Rf3
Kf8 28. Rg3 Qh7 29. Rh3 Qg7 30. Rg3 Qh7 31. Rg6 Qh5 32. g4 Qh4 33. Bxf5 1/2-1/2

[Event "CAN/QC op"]
[Site "Montreal CAN"]
[Date "2002.07.14"]
[Round "2"]
[White "Beaulieu, Pierre"]
[Black "Bluvshtein, Mark"]
[Result "0-1"]
[WhiteElo "2092"]
[BlackElo "2383"]
[PlyCount "111"]
[EventDate "2002.07.13"]
[EventType "swiss"]
[EventRounds "9"]
[EventCountry "CAN"]

1. e4 c5 2. Nc3 Nc6 3. g3 g6 4. Bg2 Bg7 5. f4 e6 6. Nf3 d6 7. O-O Nge7 8. d3
O-O 9. Be3 Nd4 10. Qd2 Nec6 11. Nd1 f5 12. Ne1 e5 13. c3 exf4 14. gxf4 Ne6 15.
Nf3 Qf6 16. Nf2 fxe4 17. Nxe4 Qe7 18. Bh3 Ned4 19. Bxc8 Nxf3+ 20. Rxf3 Raxc8
21. Raf1 Qd7 22. Ng3 Ne7 23. d4 c4 24. f5 Nxf5 25. Nxf5 Rxf5 26. Rxf5 gxf5 27.
Rf3 d5 28. Bh6 Rc6 29. Rg3 Rg6 30. Bxg7 Kxg7 31. Qe3 Qd6 32. Kf2 f4 33. Rxg6+
hxg6 34. Qe8 a6 35. Kf3 b5 36. a3 g5 37. h3 Qf6 38. Qd7+ Qf7 39. Qd6 Qf5 40.
Qe7+ Kh6 41. Kf2 Qc2+ 42. Kf3 Qd3+ 43. Kg4 Qg3+ 44. Kf5 Qxh3+ 45. Kf6 Kh5 46.
Qh7+ Kg4 47. Qf5+ Kg3 48. Qxg5+ Qg4 49. Qe5 Kg2 50. Qxd5+ f3 51. Ke7 Kg1 52.
Qe5 f2 53. Qe3 Kg2 54. Qd2 Qg3 55. d5 Qe5+ 56. Kd8 0-1

[Event "CAN/QC op"]
[Site "Montreal CAN"]
[Date "2002.07.14"]
[Round "2"]
[White "Bolduc, Steve"]
[Black "Newman, Doug"]
[Result "0-1"]
[WhiteElo "2268"]
[BlackElo "1921"]
[PlyCount "46"]
[EventDate "2002.07.13"]
[EventType "swiss"]
[EventRounds "9"]
[EventCountry "CAN"]

1. d4 Nf6 2. Nf3 d5 3. c4 c6 4. Nc3 g6 5. Bf4 Bg7 6. e3 O-O 7. h3 Qa5 8. Qb3
Ne4 9. cxd5 Nxc3 10. bxc3 cxd5 11. Bd3 Bd7 12. O-O Bc6 13. Ne5 b6 14. Rfc1 Ba4
15. Qa3 e6 16. c4 Na6 17. cxd5 Qb4 18. Rc3 Rac8 19. Rac1 Qxa3 20. Rxc8 Bxe5 21.
dxe5 Qxd3 22. Bh6 Re8 23. R1c4 exd5 0-1